| 000 | 00405nam a2200109Ia 4500 | ||
|---|---|---|---|
| 008 | 171204s9999 xx 000 0 und d | ||
| 245 | _aTransforming Rural Communities in China and Beyond: | ||
| 245 | _cDavid A. Ness, Hong Lan, Ke Xing, Kris Schneider, Seung-Hee Lee, and Ying Zhu | ||
| 260 | _c2014 | ||
| 650 | _xEcotourism | ||
| 856 | _uhttp://down.ebook777.com/009/TraRurComInChiAndBeyComEntAndEntInf.pdf | ||
| 999 |
_c346659 _d346659 |
||